[Event "FAI-chT2 1920"]
[Site "Faroe Islands"]
[Date "2020.02.02"]
[Round "7.1"]
[White "Isaksen, Reinhold"]
[Black "Augustinussen, Bernhard"]
[Result "1/2-1/2"]
[WhiteElo "1906"]
[BlackElo "1921"]
[PlyCount "58"]
[EventDate "2019.10.13"]
[EventType "team-tourn"]
[EventRounds "10"]
[EventCountry "FAI"]
[SourceTitle "CBM 195 Extra"]
[Source "ChessBase"]
[SourceDate "2020.05.31"]
[SourceVersion "1"]
[SourceVersionDate "2020.05.31"]
[SourceQuality "1"]
[WhiteTeam "Gota"]
[BlackTeam "Sandavagur II"]
[WhiteTeamCountry "FAI"]
[BlackTeamCountry "FAI"]

1. e4 c6 2. Nc3 d5 3. Nf3 Bg4 4. h3 Bh5 5. exd5 cxd5 6. Bb5+ Nc6 7. g4 Bg6 8. Ne5 Qd6 9. d4 f6 10. Nxg6 hxg6 11. Qd3 Kf7 12. Nxd5 g5 13. c3 e6 14. Ne3 Nge7 15. Bd2 Rc8 16. Bc4 Na5 17. Bb5 a6 18. Ba4 b5 19. Bc2 Nac6 20. Qe4 Na5 21. 0-0-0 Nc4 22. Nxc4 bxc4 23. f4 gxf4 24. Bxf4 Qb6 25. Kb1 Nd5 26. Qg6+ Kg8 27. Bd2 a5 28. Ka1 Rb8 29. Rb1 a4 1/2-1/2

[Event "FAI-chT2 1920"]
[Site "Faroe Islands"]
[Date "2019.10.27"]
[Round "2.1"]
[White "Augustinussen, Bernhard"]
[Black "Isaksen, Reinhold"]
[Result "1/2-1/2"]
[WhiteElo "1921"]
[BlackElo "1906"]
[PlyCount "25"]
[EventDate "2019.10.13"]
[EventType "team-tourn"]
[EventRounds "10"]
[EventCountry "FAI"]
[SourceTitle "CBM 195 Extra"]
[Source "ChessBase"]
[SourceDate "2020.05.31"]
[SourceVersion "1"]
[SourceVersionDate "2020.05.31"]
[SourceQuality "1"]
[WhiteTeam "Sandavagur II"]
[BlackTeam "Gota"]
[WhiteTeamCountry "FAI"]
[BlackTeamCountry "FAI"]

1. e4 Nc6 2. Nf3 f5 3. e5 d6 4. d4 dxe5 5. dxe5 Qxd1+ 6. Kxd1 e6 7. Be3 Nge7 8. Bc4 Ng6 9. Ng5 Ncxe5 10. Bxe6 Be7 11. Bxc8 Rxc8 12. Ne6 Bf6 13. c3 1/2-1/2

[Event "FAI-chT2 1718"]
[Site "Faroe Islands"]
[Date "2018.03.04"]
[Round "9.1"]
[White "Hojgaard, Samson"]
[Black "Augustinussen, Bernhard"]
[Result "1/2-1/2"]
[WhiteElo "1949"]
[BlackElo "1947"]
[PlyCount "87"]
[EventDate "2017.10.22"]
[EventType "team-tourn"]
[EventRounds "10"]
[EventCountry "FAI"]
[SourceTitle "EXT 2020"]
[Source "ChessBase"]
[SourceDate "2019.10.17"]
[SourceVersion "1"]
[SourceVersionDate "2019.10.17"]
[SourceQuality "1"]
[WhiteTeam "Vestmanna"]
[BlackTeam "Sandavagur II"]
[WhiteTeamCountry "FAI"]
[BlackTeamCountry "FAI"]

1. e4 c6 2. d4 d5 3. Nc3 dxe4 4. Nxe4 Bf5 5. Ng3 Bg6 6. h4 h6 7. Nf3 Nf6 8. Ne5 Bh7 9. Bd3 Bxd3 10. Qxd3 e6 11. Bd2 Nbd7 12. f4 Bd6 13. 0-0-0 Qc7 14. Ne4 Nxe4 15. Qxe4 Nf6 16. Qf3 0-0-0 17. c4 g6 18. Kb1 Rh7 19. Bc3 Qe7 20. g3 h5 21. Nd3 Ng4 22. b4 f6 23. Rhe1 Re8 24. Re2 Qd7 25. a4 Kb8 26. Rb2 Rc8 27. c5 Bf8 28. b5 Ka8 29. Qe2 e5 30. dxe5 fxe5 31. Bxe5 Qd5 32. Nb4 Qxc5 33. bxc6 Nxe5 34. fxe5 bxc6 35. Rc1 Qa5 36. Rxc6 Rb8 37. Qe4 Rhb7 38. Rc4 Qxa4 39. Ra2 Qd1+ 40. Rc1 Qb3+ 41. Rb2 Qa4 42. Rc4 Qd1+ 43. Rc1 Qa4 44. Rc4 1/2-1/2

[Event "FAI-chT2 1617"]
[Site "Faroe Islands"]
[Date "2017.03.05"]
[Round "9.1"]
[White "Danielsen, Andrias"]
[Black "Augustinussen, Bernhard"]
[Result "0-1"]
[WhiteElo "1838"]
[BlackElo "1923"]
[PlyCount "72"]
[EventDate "2016.10.23"]
[EventType "team-tourn"]
[EventRounds "10"]
[EventCountry "FAI"]
[SourceTitle "EXT 2020"]
[Source "ChessBase"]
[SourceDate "2019.10.17"]
[SourceVersion "1"]
[SourceVersionDate "2019.10.17"]
[SourceQuality "1"]
[WhiteTeam "Toftir"]
[BlackTeam "Sandavagur II"]
[WhiteTeamCountry "FAI"]
[BlackTeamCountry "FAI"]

1. c4 c6 2. Nc3 d5 3. cxd5 cxd5 4. d4 e6 5. Nf3 Nc6 6. e3 Nf6 7. Bd3 Bd6 8. 0-0 a6 9. a3 b5 10. b4 Ne7 11. Bd2 Bd7 12. Qb3 0-0 13. e4 dxe4 14. Nxe4 Nxe4 15. Bxe4 Bc6 16. Bxc6 Nxc6 17. Be3 Qd7 18. Rfd1 Ne7 19. Ne5 Qb7 20. Nd3 Nd5 21. Nc5 Qe7 22. Ne4 Bxh2+ 23. Kf1 Bf4 24. Bxf4 Nxf4 25. Qg3 Nd5 26. Rac1 a5 27. bxa5 Rxa5 28. Rc5 Rfa8 29. Rb1 f5 30. Nd6 h6 31. Qe5 Qf6 32. Nxb5 Qxe5 33. dxe5 Rb8 34. Ke2 Rbxb5 35. Rcxb5 Nc3+ 36. Kd3 Nxb5 0-1

[Event "FAI-chT 1516"]
[Site "Faroe Islands"]
[Date "2015.10.31"]
[Round "3.4"]
[White "Nolsoe, Rani"]
[Black "Augustinussen, Bernhard"]
[Result "1-0"]
[WhiteElo "2081"]
[BlackElo "1929"]
[PlyCount "101"]
[EventDate "2015.10.25"]
[EventType "team-tourn"]
[EventRounds "10"]
[EventCountry "FAI"]
[SourceTitle "EXT 2017"]
[Source "ChessBase"]
[SourceDate "2016.10.25"]
[SourceVersion "1"]
[SourceVersionDate "2016.10.25"]
[SourceQuality "1"]
[WhiteTeam "Klaksvik"]
[BlackTeam "Sandavagur"]
[WhiteTeamCountry "FAI"]
[BlackTeamCountry "FAI"]

1. e4 c6 2. d4 d5 3. Nc3 dxe4 4. Nxe4 Bf5 5. Ng3 Bg6 6. h4 h6 7. Nf3 Nf6 8. h5 Bh7 9. Bd3 Bxd3 10. Qxd3 e6 11. Bd2 Nbd7 12. 0-0-0 Qc7 13. Ne4 Nxe4 14. Qxe4 Nf6 15. Qe2 Bd6 16. g3 0-0-0 17. c4 Kb8 18. Bc3 Rhe8 19. Ne5 Qe7 20. f4 Nd7 21. Nf3 Bb4 22. Qd2 Bxc3 23. Qxc3 Qf6 24. Ne5 Nxe5 25. dxe5 Qe7 26. Qe3 b6 27. g4 Rxd1+ 28. Rxd1 Rd8 29. g5 Rxd1+ 30. Kxd1 Qc5 31. Qxc5 bxc5 32. Kc2 Kc7 33. Kc3 Kd7 34. a3 Ke7 35. Kb3 Kf8 36. gxh6 Kg8 37. Ka4 Kh7 38. hxg7 Kxg7 39. Ka5 Kh6 40. Ka6 Kxh5 41. Kxa7 Kg4 42. Kb6 Kxf4 43. a4 Kxe5 44. a5 f5 45. a6 f4 46. a7 Ke4 47. a8Q e5 48. Kxc5 f3 49. Qxc6+ Ke3 50. Kd5 f2 51. Qc5+ 1-0

[Event "FAI-chT2 1415"]
[Site "Faroe Islands"]
[Date "2015.01.24"]
[Round "8.1"]
[White "Augustinussen, Bernhard"]
[Black "Hojgaard, Samson"]
[Result "1-0"]
[WhiteElo "1910"]
[BlackElo "1934"]
[PlyCount "73"]
[EventDate "2014.10.26"]
[EventType "team-tourn"]
[EventRounds "10"]
[EventCountry "FAI"]
[SourceTitle "EXT 2019"]
[Source "ChessBase"]
[SourceDate "2018.10.10"]
[SourceVersion "1"]
[SourceVersionDate "2018.10.10"]
[SourceQuality "1"]
[WhiteTeam "Sandavagur II"]
[BlackTeam "Vestmanna"]
[WhiteTeamCountry "FAI"]
[BlackTeamCountry "FAI"]

1. e4 Nf6 2. Nc3 d5 3. e5 Ne4 4. f4 c5 5. Nf3 Nc6 6. Bb5 Bf5 7. 0-0 e6 8. d3 Nxc3 9. bxc3 Be7 10. c4 0-0 11. cxd5 Qxd5 12. Bb2 a6 13. Bc4 Qd7 14. a3 Rac8 15. Bc3 b5 16. Bb3 Rfd8 17. Qe2 Bg4 18. h3 Bxf3 19. Qxf3 Nd4 20. Bxd4 Qxd4+ 21. Kh1 c4 22. dxc4 bxc4 23. Ba4 Qc5 24. Rfe1 Qa5 25. Bc6 Bxa3 26. Bb7 Rc7 27. Bxa6 Qxa6 28. Rxa3 Qb6 29. Rd1 Rcc8 30. Rxd8+ Rxd8 31. Ra8 g6 32. Kh2 Kg7 33. Rxd8 Qxd8 34. Qc3 Qd5 35. Qe3 f6 36. Qa7+ Kh6 37. exf6 1-0

[Event "FAI-chT2 1415"]
[Site "Faroe Islands"]
[Date "2015.01.24"]
[Round "7.1"]
[White "Olsen, Alfred A"]
[Black "Augustinussen, Bernhard"]
[Result "0-1"]
[WhiteElo "1640"]
[BlackElo "1910"]
[PlyCount "96"]
[EventDate "2014.10.26"]
[EventType "team-tourn"]
[EventRounds "10"]
[EventCountry "FAI"]
[SourceTitle "EXT 2019"]
[Source "ChessBase"]
[SourceDate "2018.10.10"]
[SourceVersion "1"]
[SourceVersionDate "2018.10.10"]
[SourceQuality "1"]
[WhiteTeam "Vestmanna II"]
[BlackTeam "Sandavagur II"]
[WhiteTeamCountry "FAI"]
[BlackTeamCountry "FAI"]

1. e4 c6 2. Nf3 d5 3. exd5 cxd5 4. d4 Nc6 5. Bb5 Bg4 6. 0-0 Qb6 7. Nc3 Nf6 8. Be3 e6 9. a3 Be7 10. h3 Bh5 11. g4 Bg6 12. Ne5 Ne4 13. Bxc6+ bxc6 14. Nxe4 Bxe4 15. f3 Bg6 16. b4 f6 17. Nxg6 hxg6 18. Kg2 Kf7 19. Qd3 a5 20. c3 Ra7 21. Bc1 Qc7 22. Bb2 Bd6 23. Qe2 Bg3 24. Bc1 g5 25. Be3 Raa8 26. Bf2 Bf4 27. Be3 Bg3 28. Bf2 Bd6 29. Rfe1 Rhe8 30. Qd3 g6 31. Qc2 Ra7 32. Qe2 Qb8 33. Qd3 Qb5 34. Qe2 Qxe2 35. Rxe2 axb4 36. cxb4 Bxb4 37. Rc1 Rxa3 38. Rxc6 Rc3 39. Rxc3 Bxc3 40. Rc2 Bb4 41. Rc7+ Re7 42. Rxe7+ Kxe7 43. Be3 Kd6 44. Kf2 e5 45. dxe5+ Kxe5 46. Ke2 Bc3 47. Ba7 Kf4 48. Bb8+ Be5 0-1

[Event "FAI-chT2 1314"]
[Site "Torshavn"]
[Date "2014.02.09"]
[Round "8.1"]
[White "Naes, Jogvan"]
[Black "Augustinussen, Bernhard"]
[Result "1/2-1/2"]
[WhiteElo "1817"]
[BlackElo "1902"]
[PlyCount "25"]
[EventDate "2013.10.27"]
[EventType "team-tourn"]
[EventRounds "10"]
[EventCountry "FAI"]
[SourceTitle "EXT 2019"]
[Source "ChessBase"]
[SourceDate "2018.10.10"]
[SourceVersion "1"]
[SourceVersionDate "2018.10.10"]
[SourceQuality "1"]
[WhiteTeam "Havnin III"]
[BlackTeam "Sandavagur II"]
[WhiteTeamCountry "FAI"]
[BlackTeamCountry "FAI"]

1. e4 c6 2. Nc3 d5 3. Nf3 Bg4 4. exd5 cxd5 5. Bb5+ Nc6 6. h3 Bxf3 7. Qxf3 Nf6 8. d4 e6 9. Bg5 Bb4 10. 0-0 0-0 11. Ne2 Be7 12. c3 Qb6 13. Bd3 1/2-1/2

[Event "FAI-ch B"]
[Site "Torshavn"]
[Date "2013.03.30"]
[Round "9"]
[White "Danielsen, Andrias"]
[Black "Augustinussen, Bernhard"]
[Result "1-0"]
[WhiteElo "1775"]
[BlackElo "1932"]
[PlyCount "65"]
[EventDate "2013.03.23"]
[EventType "tourn"]
[EventRounds "9"]
[EventCountry "FAI"]
[SourceTitle "EXT 2015"]
[Source "ChessBase"]
[SourceDate "2014.11.20"]
[SourceVersion "1"]
[SourceVersionDate "2014.11.20"]
[SourceQuality "1"]

1. d4 d5 2. Nf3 Nf6 3. Bf4 e6 4. c3 b6 5. e3 Be7 6. h3 0-0 7. Nbd2 c5 8. Bd3 Nc6 9. 0-0 Bd6 10. Ne5 Qc7 11. Ndf3 g6 12. Re1 Ne4 13. Qe2 Bb7 14. Rac1 Ne7 15. Bb1 a5 16. Nd3 Ba6 17. Bxd6 Qxd6 18. Qd1 Bxd3 19. Bxd3 f5 20. Ne5 c4 21. Bc2 Nc6 22. Bxe4 fxe4 23. Nxc6 Qxc6 24. Qg4 Rf5 25. f3 exf3 26. gxf3 Raf8 27. Rf1 Qd6 28. f4 Qe7 29. Rc2 Kg7 30. Rg2 Qf6 31. Kh2 Rh5 32. Qxh5 b5 33. Qe5 1-0

[Event "FAI-ch B"]
[Site "Torshavn"]
[Date "2013.03.27"]
[Round "5"]
[White "Augustinussen, Bernhard"]
[Black "Andreasen, Jakup a Rogvi"]
[Result "1/2-1/2"]
[WhiteElo "1932"]
[BlackElo "1979"]
[PlyCount "61"]
[EventDate "2013.03.23"]
[EventType "tourn"]
[EventRounds "9"]
[EventCountry "FAI"]
[SourceTitle "EXT 2015"]
[Source "ChessBase"]
[SourceDate "2014.11.20"]
[SourceVersion "1"]
[SourceVersionDate "2014.11.20"]
[SourceQuality "1"]

1. e4 c5 2. Nf3 Nc6 3. d4 cxd4 4. Nxd4 e5 5. Nb5 d6 6. c4 Be7 7. Bd3 Nf6 8. N1c3 a6 9. Na3 0-0 10. Nc2 Be6 11. 0-0 Nd7 12. Ne3 Nc5 13. Bb1 Bg5 14. b3 Rb8 15. f3 h6 16. Qe2 Qa5 17. Qb2 b5 18. cxb5 axb5 19. Ncd5 Qa7 20. Kh1 Rfc8 21. Bd2 Ra8 22. Rd1 Nd4 23. Bc3 Nc6 24. Bd2 Nd4 25. Bc3 Bxe3 26. Nxe3 Nc6 27. Qe2 b4 28. Bb2 Nd4 29. Qe1 Qa5 30. h3 Qb5 31. Nd5 1/2-1/2

[Event "FAI-ch B"]
[Site "Torshavn"]
[Date "2013.03.25"]
[Round "3"]
[White "Augustinussen, Bernhard"]
[Black "Berg, Margar"]
[Result "0-1"]
[WhiteElo "1932"]
[BlackElo "1842"]
[PlyCount "118"]
[EventDate "2013.03.23"]
[EventType "tourn"]
[EventRounds "9"]
[EventCountry "FAI"]
[SourceTitle "EXT 2015"]
[Source "ChessBase"]
[SourceDate "2014.11.20"]
[SourceVersion "1"]
[SourceVersionDate "2014.11.20"]
[SourceQuality "1"]

1. e4 c5 2. c3 e6 3. d4 d5 4. e5 Nc6 5. Be3 cxd4 6. cxd4 Bd7 7. Nc3 Qb6 8. Qd2 Nge7 9. Nf3 Nf5 10. Be2 Be7 11. 0-0 Nxe3 12. fxe3 h6 13. Rac1 Nb4 14. a3 Na6 15. Bd3 Nc7 16. Qe2 Bc6 17. Rc2 a5 18. Rfc1 a4 19. Qf2 0-0 20. Qe2 Ra5 21. h3 Bd8 22. Nh2 Bb5 23. Nxb5 Nxb5 24. Ng4 Bg5 25. Rf1 Na7 26. g3 Qd8 27. h4 f5 28. hxg5 Qxg5 29. Nh2 Qxg3+ 30. Kh1 Nc6 31. Rcc1 Qh4 32. Rg1 g5 33. Qf3 Kf7 34. Kg2 g4 35. Qg3 Qg5 36. Rh1 Rh8 37. Rcf1 Ke7 38. Rf4 h5 39. Nf1 h4 40. Qf2 b6 41. Nd2 Raa8 42. Bxf5 h3+ 43. Kg3 exf5 44. Rxf5 Qh4+ 45. Kh2 Qxf2+ 46. Rxf2 Na5 47. Rg1 Rag8 48. Rg3 Rh6 49. e4 Ke6 50. Nb1 Nb3 51. Nc3 Nxd4 52. exd5+ Kxe5 53. Nxa4 b5 54. Nc3 Rh5 55. Nd1 Rf5 56. Rxf5+ Kxf5 57. Ne3+ Kf4 58. Nf1 Nf3+ 59. Kh1 Re8 0-1

[Event "FAI-chT 0809"]
[Site "Faroe Islands"]
[Date "2008.10.26"]
[Round "3.3"]
[White "Augustinussen, Bernhard"]
[Black "Vang, Finnbjorn"]
[Result "1/2-1/2"]
[WhiteElo "1889"]
[BlackElo "2090"]
[PlyCount "71"]
[EventDate "2008.09.28"]
[EventType "team-tourn"]
[EventRounds "10"]
[EventCountry "FAI"]
[SourceTitle "EXT 2011"]
[Source "ChessBase"]
[SourceDate "2010.11.26"]
[SourceVersion "1"]
[SourceVersionDate "2010.11.26"]
[SourceQuality "1"]

1. e4 e5 2. Nf3 Nf6 3. Nc3 Nc6 4. Bc4 Bc5 5. d3 d6 6. h3 Be6 7. Bxe6 fxe6 8. Bg5 h6 9. Be3 Bb4 10. Bd2 Nd4 11. Nxd4 exd4 12. Ne2 Bc5 13. Ng3 Qe7 14. Qe2 0-0-0 15. 0-0-0 e5 16. Kb1 g6 17. Rdf1 Qe6 18. f4 exf4 19. Rxf4 Rdf8 20. Rhf1 h5 21. R1f2 h4 22. Nf1 d5 23. e5 Nd7 24. Rxf8+ Bxf8 25. Nh2 Qxe5 26. Qxe5 Nxe5 27. Bg5 Bd6 28. Bf6 Re8 29. Re2 Kd7 30. Bxh4 Nxd3 31. Rxe8 Kxe8 32. cxd3 Bxh2 33. Kc2 Kd7 34. Kd2 Ke6 35. Ke2 c5 36. Bf2 1/2-1/2

[Event "FAI-chT 0809"]
[Site "Faroe Islands"]
[Date "2008.09.28"]
[Round "1.4"]
[White "Hojgaard, Samson"]
[Black "Augustinussen, Bernhard"]
[Result "0-1"]
[WhiteElo "1912"]
[BlackElo "1889"]
[PlyCount "80"]
[EventDate "2008.09.28"]
[EventType "team-tourn"]
[EventRounds "10"]
[EventCountry "FAI"]
[SourceTitle "EXT 2011"]
[Source "ChessBase"]
[SourceDate "2010.11.26"]
[SourceVersion "1"]
[SourceVersionDate "2010.11.26"]
[SourceQuality "1"]

1. d4 d5 2. c4 c6 3. Nc3 e6 4. Nf3 f5 5. Bg5 Be7 6. Bxe7 Qxe7 7. e3 Nf6 8. Bd3 0-0 9. 0-0 Bd7 10. Ne5 Be8 11. f3 Bh5 12. g4 fxg4 13. fxg4 Bf7 14. g5 Nfd7 15. Nxf7 Rxf7 16. Bxh7+ Kxh7 17. Qh5+ Kg8 18. Rxf7 Qxf7 19. g6 Qe8 20. Qh7+ Kf8 21. Rf1+ Ke7 22. Rf7+ Kd6 23. Rxg7 Na6 24. Rxd7+ Qxd7 25. Qh6 Qe7 26. Qf4+ Kd7 27. cxd5 exd5 28. Qh6 Re8 29. e4 dxe4 30. h4 Qf6 31. Qh7+ Re7 32. Qh6 e3 33. Qh5 Qxd4 34. Qf5+ Kc7 35. Kf1 Qxh4 36. g7 Qg3 37. Ne4 Qxg7 38. Qa5+ Kd7 39. Qf5+ Kd8 40. Ke1 Qd4 0-1

[Event "FAI-ch"]
[Site "Oyrabakki"]
[Date "2005.03.22"]
[Round "5"]
[White "Augustinussen, Bernhard"]
[Black "Andreasen, Andreas"]
[Result "0-1"]
[WhiteElo "1881"]
[BlackElo "1974"]
[PlyCount "55"]
[EventDate "2005.03.18"]
[EventType "swiss"]
[EventRounds "9"]
[EventCountry "FAI"]
[SourceTitle "CBM 105 Extra"]
[Source "ChessBase"]
[SourceDate "2005.05.01"]
[SourceVersion "1"]
[SourceVersionDate "2005.05.01"]
[SourceQuality "1"]

1. c4 Nf6 2. Nc3 e6 3. d4 Bb4 4. a3 Bxc3+ 5. bxc3 0-0 6. Bg5 d5 7. e3 Nbd7 8. Nf3 c6 9. Be2 Qa5 10. Qb3 Ne4 11. Rc1 Nxg5 12. Nxg5 dxc4 13. Bxc4 Qxg5 14. 0-0 b5 15. Bd3 Nb6 16. e4 Bb7 17. f4 Qe7 18. Rf3 Rac8 19. e5 Nd5 20. Qd1 g6 21. g4 f6 22. f5 exf5 23. gxf5 fxe5 24. fxg6 Rxf3 25. gxh7+ Kh8 26. Qxf3 Qg5+ 27. Kf2 Qxc1 28. Be4 0-1

[Event "FAI-ch"]
[Site "Oyrabakki"]
[Date "2005.03.19"]
[Round "2"]
[White "Augustinussen, Bernhard"]
[Black "Andreasen, Jakup a Rogvi"]
[Result "0-1"]
[WhiteElo "1881"]
[BlackElo "1993"]
[PlyCount "70"]
[EventDate "2005.03.18"]
[EventType "swiss"]
[EventRounds "9"]
[EventCountry "FAI"]
[SourceTitle "CBM 105 Extra"]
[Source "ChessBase"]
[SourceDate "2005.05.01"]
[SourceVersion "1"]
[SourceVersionDate "2005.05.01"]
[SourceQuality "1"]

1. d4 d5 2. Bg5 Nf6 3. Bxf6 gxf6 4. Nc3 Bf5 5. Qd2 c6 6. Nf3 Nd7 7. Qf4 Bxc2 8. Rc1 Bg6 9. g3 Qb6 10. Qd2 e6 11. a3 Bd6 12. Bg2 Qd8 13. Na4 Nb6 14. Nxb6 axb6 15. Nh4 b5 16. 0-0 Qe7 17. Ra1 Ra4 18. b4 0-0 19. Nxg6 fxg6 20. Rfe1 f5 21. f4 Rxa3 22. Rxa3 Bxb4 23. Rc3 Ra8 24. Rec1 Ra3 25. Qb2 Rxc3 26. Rxc3 Bxc3 27. Qxc3 b4 28. Qc2 Qd6 29. e3 b6 30. Bf1 c5 31. Bb5 c4 32. Qa4 b3 33. Bxc4 dxc4 34. Qxc4 Qa3 35. Qxe6+ Kg7 0-1

[Event "FAI-ch"]
[Site "Faroe Islands"]
[Date "1997.??.??"]
[Round "?"]
[White "Nolsoe, Rani"]
[Black "Augustinussen, Bernhard"]
[Result "1-0"]
[WhiteElo "2150"]
[BlackElo "1725"]
[PlyCount "61"]
[EventDate "1997.??.??"]
[EventType "tourn"]
[EventRounds "9"]
[EventCountry "FAI"]
[SourceTitle "EXT 2006"]
[Source "ChessBase"]
[SourceDate "2005.11.24"]
[SourceVersion "1"]
[SourceVersionDate "2005.11.24"]
[SourceQuality "1"]

1. e4 c5 2. Nf3 Nc6 3. d4 cxd4 4. Nxd4 e5 5. Nb5 d6 6. c4 Be7 7. N1c3 a6 8. Na3 h6 9. Nc2 Bg5 10. Ne3 Nd4 11. Bd3 Ne7 12. 0-0 0-0 13. Ned5 Bxc1 14. Rxc1 Nxd5 15. exd5 Bf5 16. Kh1 Qa5 17. f4 Bxd3 18. Qxd3 f6 19. fxe5 fxe5 20. Qg6 Qd8 21. Ne4 Ne2 22. Rcd1 b5 23. b3 Rb8 24. Qe6+ Kh7 25. Nxd6 Rf6 26. Qxe5 Rxd6 27. Qxe2 bxc4 28. bxc4 Rb7 29. c5 Rf6 30. d6 Rxf1+ 31. Qxf1 1-0